000
00206nam a22000857a 4500
999
_c
6259
_d
6259
008
170302b xxu||||| |||| 00| 0 eng d
020
_a
9788131227039
100
_9
3016
_a
Hall.J.E
245
_a
Medical Laboratory
260
_a
Gurgaon
_b
HT
_c
2011